00620nam a2200193 i 4500001000300000100002400003245004600027250001700073260002100090650005200111650002300163040000800186041000800194942000700202008004100209999001700250856009800267952006100365bg1 aMIROŃCZUK, Albin.10aPodstawy prawne BHP /cAlbin Mirończuk. aWyd. 4 popr. aWarszawa,c1976. 9aBezpieczeństwo i higiena pracyxprawozPolska 9abhpxprawozPolska cBPK apol cKS s pl f |000 0 pol  c27374d27374 uhttp://koha.tu.koszalin.pl/cgi-bin/koha/opac-detail.pl?biblionumber=27374yKatalog online BPK 00104070aBPKbBPKcwo21021p02263151s2014-03-20yKS